| 000 | 00385 a2200109 4500 | ||
|---|---|---|---|
| 001 | ART_26000 | ||
| 005 | 20260410161935.0 | ||
| 008 | 260409a | ||
| 245 | 1 | 0 | _aContagios, regímenes cambiarios y monedas supranacionales |
| 100 | 1 | _aSturzenegger, Adolfo | |
| 773 | 0 |
_tAnales de la Academia Nacional de Ciencias Económicas _g- Vol. XLIV, (1999) (ene. 2000) _wREV25596 |
|
| 999 |
_c28974 _d28974 |
||